Sports Quiz

Random Sports or Europe Quiz

Every Arsenal player to feature in a CL/Europa final Quiz Stats

 Plays Quiz not verified by Sporcle

Support Sporcle.
Go Orange.
Score 0/41 Timer 08:00
0 Plays Today
Final Player % Correct
UEFA Cup vs Galatasaray (2000)Thierry Henry
98.2%
Champions League vs Barcelona (2006)Thierry Henry
98.2%
UEFA Cup vs Galatasaray (2000)David Seaman
93.6%
UEFA Cup vs Galatasaray (2000)Dennis Bergkamp
92%
Europa League vs Chelsea (2019)Petr Cech
91.8%
Champions League vs Barcelona (2006)Kolo Toure
91.4%
Champions League vs Barcelona (2006)Jens Lehmann
91.2%
Champions League vs Barcelona (2006)Ashley Cole
90.7%
Europa League vs Chelsea (2019)Pierre-Emerick Aubameyang
90.5%
Europa League vs Chelsea (2019)Alexandre Lacazette
89.2%
Europa League vs Chelsea (2019)Mesut Ozil
89%
Champions League vs Barcelona (2006)Cesc Fabregas
88.2%
Champions League vs Barcelona (2006)Sol Campbell
87.4%
Europa League vs Chelsea (2019)Granit Xhaka
87.2%
UEFA Cup vs Galatasaray (2000)Tony Adams
86%
Champions League vs Barcelona (2006)Gilberto Silva
84.5%
UEFA Cup vs Galatasaray (2000)Patrick Vieira
83.8%
Champions League vs Barcelona (2006)Freddie Ljungberg
82.9%
Europa League vs Chelsea (2019)Sokratis Papastathopoulos
82%
UEFA Cup vs Galatasaray (2000)Marc Overmars
80.4%
UEFA Cup vs Galatasaray (2000)Nwankwo Kanu
79.9%
Final Player % Correct
Champions League vs Barcelona (2006)Alexander Hleb
78.4%
Europa League vs Chelsea (2019)Laurent Koscielny
76.7%
UEFA Cup vs Galatasaray (2000)Emmanuel Petit
76.1%
Europa League vs Chelsea (2019)Lucas Torreira
75.7%
Champions League vs Barcelona (2006)Robert Pires
74.9%
Europa League vs Chelsea (2019)Sead Kolasinac
74.6%
UEFA Cup vs Galatasaray (2000)Martin Keown
73%
Champions League vs Barcelona (2006)Manuel Almunia
71.5%
Europa League vs Chelsea (2019)Alex Iwobi
69.8%
UEFA Cup vs Galatasaray (2000)Lee Dixon
69.1%
UEFA Cup vs Galatasaray (2000)Ray Parlour
68.5%
Europa League vs Chelsea (2019)Ainsley Maitland-Niles
67.2%
Champions League vs Barcelona (2006)Emmanuel Eboue
65.8%
UEFA Cup vs Galatasaray (2000)Davor Suker
63.8%
Champions League vs Barcelona (2006)Jose Antonio Reyes
62.2%
Europa League vs Chelsea (2019)Nacho Monreal
60.9%
UEFA Cup vs Galatasaray (2000)Sylvinho
54.7%
Europa League vs Chelsea (2019)Matteo Guendouzi
54.5%
Europa League vs Chelsea (2019)Joe Willock
42.3%
Champions League vs Barcelona (2006)Mathieu Flamini
41.5%

You're not logged in!

Compare scores with friends on all Sporcle quizzes.
OR
Log In

From the Vault

Pokémon (Gen II)

by Matt

Following up the popularity of the Pokemon Generation 1 quiz, now see if you can remember the 100 new Pokemon added in the Gold and Silver games.
Remove Ads.
Support Sporcle.
Get the best of Sporcle when you Go Orange. This ad-free experience offers more features, more stats, and more fun while also helping to support Sporcle. Thank you for becoming a member.

Show Comments

Extras

Top Quizzes Today


Score Distribution

Your Account Isn't Verified!

In order to create a playlist on Sporcle, you need to verify the email address you used during registration. Go to your Sporcle Settings to finish the process.

Report this User

Report this user for behavior that violates our Community Guidelines.

Details: